Contratação direta sem licitação : (Record no. 1059)

MARC details
000 -LÍDER
Campo Fixo de Controle 00926nam a2200241 a 4500
001 - NÚMERO DE CONTROLE
Campo de Controle 1059
003 - IDENTIFICAÇÃO DO NÚMERO DE CONTROLE
Campo de Controle BR-CuiBMT
005 - DATA E HORA DA ÚLTIMA ATUALIZAÇÃO
Campo de Controle 20231127234025.0
008 - DADOS FIXOS
Dados Fixos 231109s2006 mgb 001 0 por d
020 ## - INTERNATIONAL STANDARD BOOK NUMBER
Nº do ISBN 8577000303
040 ## - AGÊNCIA CATALOGADORA
Código da Agência Catalogadora BR-CuiBMT
Agência que transcreveu o registro BR-CuiBMT
080 ## - Nº DA CLASSIFICAÇÃO DECIMAL UNIVERSAL
Nº edição CDU 2007
Nº Class. CDU 351.712.2.02
090 ## - NÚMERO DE CHAMADA
Nº classificação 351.712.2.02
Cutter F363c
Ano/Edição 6. ed.
100 1# - ENTRADA PRINCIPAL -- AUTOR PESSOAL
Nome pessoal Fernandes, Jorge Ulisses Jacoby,
Datas associadas ao nome 1960-
245 10 - TÍTULO PRINCIPAL
Título principal Contratação direta sem licitação :
Subtítulo dispensa, inexigibilidade de licitação, comentários às modalidadesde licitação, inclusive o pregão, procedimentos exigidos para a regularidade da contratação direta /
Indicação de responsabilidade J. U. Jacoby Fernandes.
250 ## - EDIÇÃO
Edição 6. ed.
260 ## - PUBLICAÇÃO, DISTRIBUIÇÃO, ETC.
Local de publicação Belo Horizonte :
Editora Fórum,
Data 2006.
300 ## - DESCRIÇÃO FÍSICA
N. páginas ou volumes 895 p. ;
Dimensões 25 cm
504 ## - NOTA DE BIBLIOGRAFIA, ETC.
Nota de bibliografia Inclui bibliografia e índice.
650 ## - ASSUNTO TÓPICO
Cabeçalho tópico ou nome geográfico Licitação e contratos
Subdivisão geral Dispensa
Subdivisão geográfica Brasil
650 ## - ASSUNTO TÓPICO
Cabeçalho tópico ou nome geográfico Contrato administrativo
Subdivisão de forma Legislação
Subdivisão geográfica Brasil
942 ## - ELEMENTOS DE ENTRADA ADICIONAIS (KOHA)
Fonte de classificação ou esquema de arquivamento Classificação Decimal Universal
Tipo de item do Koha Livros
Holdings
Estado: removido Estado: perdido Fonte de classificação ou esquema de arquivamento Estado: danificado Indisponível para empréstimo Localização permanente Localização atual Data de aquisição Total Checkouts Número de Chamada completo Código de barras Date last seen Número do exemplar Preço efetivo a partir de Tipo de item (Koha)
    Classificação Decimal Universal     Biblioteca da Escola Superior de Contas do TCE/MT Biblioteca da Escola Superior de Contas do TCE/MT 27/11/2023   351.712.2.02 F363c BIBTCEMT23111184 27/11/2023 Ex. 1 27/11/2023 Livros

Powered by Koha